000 01250cad a22002415a 4500
001 E148760
008 091105s2009 xxk f 000 0 eng d
020 _a9781409818519
035 _a(Sirsi) u148760
041 0 _aeng
050 0 4 _a346.4104343 $2 18
110 2 _aUnited Kingdom
_bDepartment for Communities and Local Government
_94939
245 0 0 _aRight to manage (RTM) companies under the Commonhold and Leasehold Reform Act 2002
_bnew form of constitutional document, guidance
_h[electronic resource]
260 _aLondon
_bDCLG
_c2009
520 _aThe 2006 Companies Act set out changes to company law, including replacing the memorandum and articles of association of new companies with a single document (the articles). These changes came fully into force on 1 October 2009, and new prescribed articles for RTM companies will come into force on 9 November. This document provides background to and guidance on the changes.
521 _aAdvanced
590 _aKA
650 2 4 _aCOMPANIES ACT 2006
651 4 _aEngland
_y886-
690 _aLandlord and tenant
_96252
856 4 0 _uhttps://www.communities.gov.uk/publications/housing/rtmcompaniesguidance
_zView the guidance free of charge at www.communities.gov.uk...
942 _n0
999 _c110210
_d110210